Statystyki dla Państwa z literą "F"

Kliknij tutaj aby rozwiązać quiz!

Ogólne statystyki

  • Ten quiz został rozwiązany 79 razy
  • Średni wynik to 5 z 7

Statystyki odpowiedzi

PodpowiedźPaństwo% Poprawnych
EuropaFinlandia
94%
EuropaFrancja
94%
AustraliaFidżi
83%
AzjaFilipiny
77%
AzjaAfganistan
54%
Afryka
Republika
Południowej
Afryki
38%
Afryka
Republika
Środkowo
afrykańska
37%

Rozkład punktacji

Percentyl według liczby udzielonych odpowiedzi

Procent ludzi z każdym wynikiem

Twoja historia wyników

Nie rozwiązałeś tego quizu